Регионална библиотека "Любен Каравелов" - Русе

Физическая теория, ее цель и строение (Запис номер 410167)

MARC детайли
000 -Лидер
Контролно поле с фиксирана дължина nam a22 a 4500
003 - Код на организацията, давaща контролен номер
Контролно поле BLK
005 - Дата и час на последна редакция
Контролно поле 20210421164516.0
008 - Елементи от данни с фиксирана дължина
fixed length control field 210421b bu |||||r|||| 00| 0 bu d
040 ## - Източник на каталожния запис
Идентификатор на билиотеката - собственик на записа BLK
041 ## - Код за език
Код за езика на текст/звукозапис или на отделно заглавие Руски
Код за езика КДБФ Руски
080 ## - УДК
Текстов определител УДК Физика
УДК код - определител по УДК 53
УДК - код + определител 53
100 ## - Редна дума - Автор
R(LIN) 1299
Автор Дюэм, Пьер
Авторска отговорност първи автор
139 ## - Редно поле
Редна дума Дюэм, Пьер
Авторски знак Дю - Д 97
245 ## - Сведения за заглавието
Заглавие Физическая теория, ее цель и строение
Редно поле (дума) Пьер Дюгем ; пер. с фр. Г. А. Котляра ; С предисл. Эрнста Маха к нем. изд.
257 ## - Страна на издаване
Страна на създаване/издаване Русия
260 ## - Област на издателските данни
Място на издаване, разпространение и проч. Санкт-Петербург
Име на издателя, разпространителя и проч. Образование
Година на издаване 1910
300 ## - Физическа характеристика
Страници 326 с.
Размери/Мащаб 23 см
380 ## - Жанр
Жанр Естествени науки. Математика
650 #7 - Допълнително описание по предмет – тема
9 (RLIN) 175234
Основно описание – тема или топоним Физика
653 #7 - Ключова дума – ненормативна
9 (RLIN) 199275
Ключова дума физика
700 ## - Други автори (авторска отговорност)
9 (RLIN) 759
Лично име Котляр, Гдаль Абрамович
Автороска отговорност (Описва отношението между автора и произведението) пер.
700 ## - Други автори (авторска отговорност)
9 (RLIN) 440739
Лично име Мах, Эрнест
Автороска отговорност (Описва отношението между автора и произведението) авт. предисл.
852 ## - Местоположение
Форматна сигнатура Цб 5.230.8487
Фондова буква Основен фонд - ползва се само за читалня
999 ## - СИСТЕМНИ КОНТРОЛНИ НОМЕРА
Koha biblionumber 410167
Koha biblioitemnumber 410167
942 ## - АРТИКУЛИ
Вид на библиотечния материал Книги
Скрит в OPAC Не
Периодичен библиозапис Да
944 ## - СЪЗДАВАНЕ И РЕДАКЦИЯ на ЗАПИСА
Създаване/Редакция Създаване
Дата на регистрацията/редакция 2021-04-21
Служител, извършил регистрацията/редакцията ВП
Наличности
Код за отписване Код за изгубен артикул Източник на класификационната схема Код за повреда Коз за рестрикции Код за отдаване Артикулен № Име на библиотеката - собственик Име на библиотеката, в която се намира в момента Статус (Текущо местоположение) Дата на вписване в системата Местоположение - отдел Цена в лева Инвентарен номер Систематично азбучна сигнатура Баркод Цена в евро Служебен тип на артикула
  Не е изгубен Universal Decimal Classification Не е повреден само за читалня ползва се в читалня 826713 Регионална библиотека "Любен Каравелов" Русе Регионална библиотека "Любен Каравелов" Русе Хранилище 2021-04-26 Основен фонд - ползва се само за читалня 0.26 8487 Цб 5.230.8487 900000053570 0.13 Книги
Vip Innovations Ltd, Rousse, Bulgaria 2025